ბათუმის შოთა რუსთაველის სახელმწიფო უნივერსიტეტის ბიბლიოთეკა

"ნეილონის ნაძვის ხე" (ბიბ.ჩანაწერი № 60064)

000 -ლიდერი
ფიქსირებული სიგრძის საკონტროლო ველი 01214nam a22002537a 4500
003 - საკონტროლო ნომრის იდენტიფიკატორი
საკონტროლო ველი Ge_BSU
005 - ბოლო ოპერაციის თარიღი და დრო
საკონტროლო ველი 20230602171436.0
008 - ფიქსირებული სიგრძის მონაცემთა ელემენტები - ზოგადი ინფორმაცია
ფიქსირებული სიგრძის საკონტროლო ველი 230602s1984ge xxu||||| |||| 00| 0 geo d
020 ## - წიგნის საერთაშორისო სტანდარტული ნომერი
International Standard Book Number 9788378932185
041 ## - ენის კოდი
Language code of text/sound track or separate title geo
080 ## - უნივერსალური ათობითი კლასიფიკაციის ინდექსი
Universal Decimal Classification number 791.43(479.22) ხ-93
100 ## - მთავარი ჩანაწერი - პიროვნების სახელი
Personal name ხუნდაძე,ხათუნა
9 (RLIN) 18438
245 ## - ცნობა სათაურის შესახებ
Title "ნეილონის ნაძვის ხე"
Remainder of title [ქართ. მხატვრ. ფილმი] /
Statement of responsibility, etc ხათუნა ხუნდაძე, რედ: მზია ქურცაძე, სცენარი რ. ესაძე, ამირან დოლიძე
264 ## - წარმოების, გამოცემის, დისტრიბუციის და სხვა ცნობები
გამოცემის, წარმოების, დისტრიბუციის... სახელწოდება Wojnowice,
გამოცემის, წარმოების, დისტრიბუციის... თარიღი 2018.
300 ## - ფიზიკური აღწერა
Extent 70 გვ .:
Other physical details ილ;
Dimensions 23 სმ.
653 ## - INDEX TERM--UNCONTROLLED
Uncontrolled term კინოხელოვნება
653 ## - INDEX TERM--UNCONTROLLED
Uncontrolled term კინოფილმები
700 ## - ADDED ENTRY--PERSONAL NAME
Personal name ხუნდაძე, ხათუნა
Relator term შემდგენელი
9 (RLIN) 18439
700 ## - ADDED ENTRY--PERSONAL NAME
Personal name ქურცაძე, მზია
Relator term რედაქტორი
9 (RLIN) 18440
700 ## - ADDED ENTRY--PERSONAL NAME
Personal name ესაძე, რ
Relator term სცენარი
9 (RLIN) 18441
700 ## - ADDED ENTRY--PERSONAL NAME
Personal name დოლიძე,ამირან
Relator term სცენარი
9 (RLIN) 18442
710 ## - ADDED ENTRY--CORPORATE NAME
Corporate name or jurisdiction name as entry element ქართული კინო
9 (RLIN) 18453
942 ## - ADDED ENTRY ELEMENTS (KOHA)
Source of classification or shelving scheme
Koha item type წიგნი
ეგზემპლარები
ჩამოწერის სტატუსი დაკარგული ეგზემპლარის სტატუსი კლასიფიკაციის წყარო ან თაროზე გაწყობის სქემა დაზიანების სტატუსი არ გაიცემა მუდმივი მდებარეობა (დაცვის ადგილი) ამჟამინდელი ადგილსამყოფელი თაროზე განთავსების ადგილი შეძენის თარიღი ღირებულება, შესყიდვის ნორმალური ფასი სრული შენახვის შიფრი შტრიხკოდი ბოლო ოპერაციის თარიღი ეგზემპლარის მიმდევრობითი ნომერი (კეტერი?) ფასის ძალაში შესვლის თარიღი ეგზემპლარის სახეობა საჯარო შენიშვნა
          ბათუმის შოთა რუსთაველის სახელმწიფო უნივერსიტეტის მთავარი ბიბლიოთეკა ბათუმის შოთა რუსთაველის სახელმწიფო უნივერსიტეტის მთავარი ბიბლიოთეკა წიგნსაცავი 2023-06-02 26.00 791.43(479.22) ხ-93 29539 2023-06-02 29539 2023-06-02 წიგნი 26ლ.72თ.